MARC

LEADER 00000nam0a2200000 4500
001 166645
005 20231031162537.0
010 |a 5770200529 
035 |a (RuTPU)RU\TPU\book\180758 
090 |a 166645 
100 |a 20091005d1990 k y0rusy50 ca 
101 0 |a rus 
102 |a UA 
105 |a y z 001zy 
200 1 |a Проблемы создания интеллектуальных систем поддержки принятия решений  |e сборник научных трудов  |f Академия наук Украинской ССР (АН УССР), Институт кибернетики (ИК) 
210 |a Киев  |c Изд-во АН УССР  |d 1990 
215 |a 79 с. 
320 |a Библиография в конце статей 
610 1 |a математическая теория 
610 1 |a принятие решений 
610 1 |a интеллектуальные системы 
610 1 |a альтернативные решения 
610 1 |a системная оптимизация 
610 1 |a вычислительные алгоритмы 
610 1 |a прикладные задачи 
610 1 |a сборники 
675 |a 519.81  |v 3 
712 0 2 |a Академия наук Украинской ССР (АН УССР)  |b Институт кибернетики (ИК)  |2 stltpush  |3 (RuTPU)RU\TPU\col\11437 
801 1 |a RU  |b 63413507  |c 20091005 
801 2 |a RU  |b 63413507  |c 20100309  |g RCR 
942 |c BK